<?xml version="1.0" encoding="UTF-8"?><?xml-stylesheet type="text/xsl" href="static/style.xsl"?><OAI-PMH xmlns="http://www.openarchives.org/OAI/2.0/" xmlns:xsi="http://www.w3.org/2001/XMLSchema-instance" xsi:schemaLocation="http://www.openarchives.org/OAI/2.0/ http://www.openarchives.org/OAI/2.0/OAI-PMH.xsd"><responseDate>2026-04-17T11:40:37Z</responseDate><request verb="GetRecord" identifier="oai:www.recercat.cat:10230/23335" metadataPrefix="marc">https://recercat.cat/oai/request</request><GetRecord><record><header><identifier>oai:recercat.cat:10230/23335</identifier><datestamp>2025-12-21T20:47:05Z</datestamp><setSpec>com_2072_6</setSpec><setSpec>col_2072_452954</setSpec></header><metadata><record xmlns="http://www.loc.gov/MARC21/slim" xmlns:dcterms="http://purl.org/dc/terms/" xmlns:xsi="http://www.w3.org/2001/XMLSchema-instance" xmlns:doc="http://www.lyncode.com/xoai" xsi:schemaLocation="http://www.loc.gov/MARC21/slim http://www.loc.gov/standards/marcxml/schema/MARC21slim.xsd">
   <leader>00925njm 22002777a 4500</leader>
   <datafield ind2=" " ind1=" " tag="042">
      <subfield code="a">dc</subfield>
   </datafield>
   <datafield ind2=" " ind1=" " tag="720">
      <subfield code="a">Cava Platas, Juan</subfield>
      <subfield code="e">author</subfield>
   </datafield>
   <datafield ind2=" " ind1=" " tag="260">
      <subfield code="c">2015-04-01T09:07:24Z</subfield>
   </datafield>
   <datafield ind2=" " ind1=" " tag="260">
      <subfield code="c">2015-04-01T09:07:24Z</subfield>
   </datafield>
   <datafield ind2=" " ind1=" " tag="260">
      <subfield code="c">2014</subfield>
   </datafield>
   <datafield ind2=" " ind1=" " tag="520">
      <subfield code="a">Tutor: Francis Casado Herrero</subfield>
   </datafield>
   <datafield ind2=" " ind1=" " tag="520">
      <subfield code="a">WebGL es una tecnologia que poc a poc es va fent més popular, ja que integra una representació/n3D en un entorn web. Aquesta tecnologia encara es troba en un estat experimental però ha/ndemostrat que té un gran potencial, ampliant la forma de representar dades a la web. Aquest/ntreball presenta la problemàtica d’un projecte futur, per al qual necessitem dades objectives de/nrendiment. Es presentarà un estudi de les llibreries 3D i el procés de gestió i implementació d’un/nworkbench d’aquestes llibreries en una plataforma web colaborativa, amb l’objectiu de/ndeterminar el rendiment gràfic i escollir la més addient pel projecte presentat inicialment./nEs decidiran estratègies per captar usuaris de tot tipus ja que es pretén fer participar a usuaris de/ntot tipus per aconseguir un gran volum de dades, que validin el rendiment de les llibreries, i/npopularitzar una mica més la tecnologia./nAl final del treball donarem i comentarem les dades de rendiment de les llibreries en funció de/nnavegadors i sistemes operatius, i el valor i opinió que donen els usuaris a la tecnologia.</subfield>
   </datafield>
   <datafield tag="653" ind2=" " ind1=" ">
      <subfield code="a">Imatges tridimensionals</subfield>
   </datafield>
   <datafield tag="653" ind2=" " ind1=" ">
      <subfield code="a">Navegadors (Programes d&amp;apos;ordinador)</subfield>
   </datafield>
   <datafield ind2="0" ind1="0" tag="245">
      <subfield code="a">Workbench de llibreries WebGL en una plataforma col·laborativa</subfield>
   </datafield>
</record></metadata></record></GetRecord></OAI-PMH>